01236nam a2200217 a 450000100100000000500170001000800410002702000150006804000250008308200150010824500990012326000700022230000280029250000720032095201270039295201270051995201270064695201120077395201180088599900150100300000607720200929151922.0090826s2000 dr a r 000 0 spa d a9993425109 aDO-SdBNPbspacBNPHU axxxxbxxxx00aEducación dominicana y construcción del conocimiento /cJosé Luis Álvarez... [et al.]. aSanto Domingo :bInstituto Tecnológico de Santo Domingo,c2000. a275 p. :bil. ;c21 cm. aIncluye referencias bibliográficas y notas al pie de las págias 001054708DSaGRbGRcHDd2013-05-09iLF1l0oxxxx xxxxp6077-30r2020-06-25te. 3w2020-06-25yLFDSZPréstamo en sala 001054708DSaGRbGRcHDd2013-06-14iLF1l0oxxxx xxxxp6077-40r2020-06-25te. 4w2020-06-25yLFDSZPréstamo en sala 001054708DSaGRbGRcHDd2013-06-14iLF1l0oxxxx xxxxp6077-50r2020-06-25te. 5w2020-06-25yLFDSZPréstamo en sala 0010718PDaPDbPDcHDd2009-08-26iLF1l0oxxxx xxxxp6077-10r2020-06-25w2020-06-25yLFPDZNo se presta 0010718PDaPDbPDcHDd2009-08-26iLF1l0oxxxx xxxxp6077-20r2020-06-25te. 2w2020-06-25yLFPDZNo se presta c5873d5873